Kremnické gagy : festivalové noviny Stredoeurópskeho Festivalu humoru a satiry Kremmnické gagy.

Uložené v:
Podrobná bibliografia
Médium: Časopis
Jazyk:Slovak
Vydané: Bratislava : Neo Art, spol. s r.o., [2004]-9999.
Témy:
On-line prístup:http://archiv.gagy.sk/
https://gagy.eu/
ISBN: 9788085657241 (brož.)
9788085657289 (brož.)
9788085657326 (brož.)
9788085657333 (brož.)
9788085657371 (brož.)
9788085657395 (brož.)
9788085657401 (brož.)
9788085657418 (brož.)
9788085657432 (brož.)
Fyzický popis: zv. ; 30 cm.
Tagy: Pridať tag
Žiadne tagy, Buďte prvý kto otaguje tento záznam!

MARC

LEADER 00000nas a22000004a 4500
001 000415331
003 SVKKK
005 20251008110649.0
008 130121c20049999xo ar|p|||||||0|||b0slo|d
020 |a 9788085657241 (brož.) 
020 |a 9788085657289 (brož.) 
020 |a 9788085657326 (brož.) 
020 |a 9788085657333 (brož.) 
020 |a 9788085657371 (brož.) 
020 |a 9788085657395 (brož.) 
020 |a 9788085657401 (brož.) 
020 |a 9788085657418 (brož.) 
020 |a 9788085657432 (brož.) 
040 |a KE001  |b slo  |e AACR2 
041 0 |a slo 
044 |a xo  |c SK 
080 |a 008  |2 2009 
080 |a 7.079  |2 2009 
080 |a 82-7  |2 2009 
245 0 0 |a Kremnické gagy :  |b festivalové noviny Stredoeurópskeho Festivalu humoru a satiry Kremmnické gagy. 
246 3 0 |a Festivalové noviny 
260 |a Bratislava :  |b Neo Art, spol. s r.o.,  |c [2004]-9999. 
300 |a zv. ;  |c 30 cm. 
310 |a 1x ročne 
362 0 |a [2004]- 
500 |a Vychádza ako príloha denníka Sme, ISSN 1335-440X, neskôr Denníka N, ISSN 1339-844X a týždenníka Týždeň, ISSN 1336-5932 
500 |a V archíve novín sú k dispozícii články od roku 2004, Festival sa koná od r.1981 
500 |a Jednotlivé čísla majú pridelené ISBN 
550 |a Predošlý vydavateľ: G. A. G. - umelecká agentúra, spol. s r.o., Banská Bystrica 
650 8 |a 008  |2 MDT 
650 8 |a 7.079  |2 MDT 
650 8 |a 82-7  |2 MDT 
650 8 |a programy kultúrnych podujatí  |2 SKP 
650 9 |a umelecké festivaly  |2 SKP 
650 9 |a satira  |2 SKP 
650 9 |a humor  |2 SKP 
772 0 |t Denník N  |x 1339-844X 
772 0 |t Sme  |x 1335-440X 
772 0 |t Týždeň  |x 1336-5932 
856 4 1 |u http://archiv.gagy.sk/ 
856 4 1 |u https://gagy.eu/ 
910 |a KE001  |b C.8995 
998 |a SE 
090 |g CASOS  |k Sklad Pribinova prízemie  |a C.8995  |j 270558  |i 2721211166  |s Zviazaný časopis 
090 |g CASOS  |k Sklad Pribinova suterén  |a C.8995  |j 258168  |i 2720719715  |s Zviazaný časopis 
090 |g CASOS  |k Sklad Pribinova suterén  |a C.8995  |j 261131  |i 2720775593  |s Zviazaný časopis 
090 |g CASOS  |k Sklad Pribinova suterén  |a C.8995  |j 265020  |i 2720901682  |s Zviazaný časopis 
090 |g CASOS  |k Sklad Pribinova suterén  |a C.8995  |j 267965  |i 2721103779  |s Zviazaný časopis 
090 |g CASOS  |k Sklad Zvonárska 19  |a C.8995  |j 237396  |i 2720276912  |s Zviazaný časopis 
090 |g CASOS  |k Sklad Zvonárska 19  |a C.8995  |j 237397  |i 2720276914  |s Zviazaný časopis 
090 |g CASOS  |k Sklad Zvonárska 19  |a C.8995  |j 237398  |i 2720276913  |s Zviazaný časopis 
090 |g CASOS  |k Sklad Zvonárska 19  |a C.8995  |j 237833  |i 2720276916  |s Zviazaný časopis 
090 |g CASOS  |k Sklad Zvonárska 19  |a C.8995  |j 242911  |i 2720276915  |s Zviazaný časopis 
090 |g CASOS  |k Sklad Zvonárska 19  |a C.8995  |j 246314  |i 2720310877  |s Zviazaný časopis 
090 |g CASOS  |k Sklad Zvonárska 19  |a C.8995  |j 246943  |i 2720311212  |s Zviazaný časopis 
090 |g CASOS  |k Sklad Zvonárska 19  |a C.8995  |j 251620  |i 2720479096  |s Zviazaný časopis 
090 |g CASOS  |k Sklad Zvonárska 19  |a C.8995  |j 254987  |i 2720568856  |s Zviazaný časopis 
090 |g CASOS  |k Sklad Zvonárska 19  |a C.8995  |j 258108  |i 2720719091  |s Zviazaný časopis 
090 |g CASOS  |k ODSF - seriály  |a C.8995  |i 2721205694  |s Prezenčne 
090 |g CASOS  |k Študovňa časopisov  |a C.8995  |i 415331-20  |s Príručka / Študovňa